000 00576nam a22001577a 4500
005 20120608143919.0
020 _a8170490960
_c00
035 _aB-30327
037 _aDPL
_bENG
100 _aSingh, K Kuldip
_948735
245 _aOvercoming crisis in leadership :
_bIndian Army /
_cby K Kuldip Singh
260 _aNew Delhi
_bManas Publications
_c1998
300 _a295p.
_c22 cms.
942 _2ddc
_cEN
_h355.30954
_mKUL
999 _c67719
_d67719